00659 2200229 4500001002100000005001700021008004100038020001800079035002400097082000800121090002000129100002100149245008500170250001100255260003100266300002500297500003000322650002100352850001200373999002300385999002100408YOGYA-0209000005538720090227033523.0 ind  a979-21-0187-X 0010-020900000055387 a631 a631bSut PlDEP aSUTANTO, Rakhman aPertanian organik menuju pertanian alternatif dan berkelanjutancRachman Sutanto aCet. 1 aYogyakartabKanisiusc2002 a218 hlmbilusc22 cm aBibliografi : hlm.207-218 aTeknik Pertanian aYOPDYOG a2002-133 h CB-D.11 a2002-133 CB-D.11